<?xml version="1.0" encoding="UTF-8"?>
<marc:record xmlns:marc="http://www.loc.gov/MARC21/slim">
   <marc:leader>00000nam a2200000 a 4500</marc:leader>
   <marc:datafield ind1="0" ind2="0" tag="245">
      <marc:subfield code="a">Leuchte, kleiner Weihnachtsstern</marc:subfield>
   </marc:datafield>
   <marc:datafield ind1="0" ind2="0" tag="245">
      <marc:subfield code="b">[Geschichten und Gedichte zum Vor- und Selberlesen]</marc:subfield>
   </marc:datafield>
   <marc:datafield ind1=" " ind2="1" tag="264">
      <marc:subfield code="a">Münster</marc:subfield>
      <marc:subfield code="b">Coppenrath</marc:subfield>
      <marc:subfield code="c">2006</marc:subfield>
   </marc:datafield>
   <marc:datafield ind1="1" ind2=" " tag="520">
      <marc:subfield code="a">Eine bunte Sammlung mit Geschichten von Elisabeth Zöller, Margret Rettich, Ingid Uebe, Julia Boehme und Gedichten von Christian Morgenstern, James Krüss, Hans Baumann, Heinrich Hannover u.v.a. Die Geschichten erzählen von einem ungewöhnlichen Adventskalender, in dem einmal nicht Süßigkeiten stecken sondern ganz besondere Überraschungen, von einem zauberhaften Nikolausbesuch, dem ungeduldigen kleinen Bären und einem Weihnachtswunder in der Wüste. Stimmungsvolle Illustrationen in hellen kreidigen Farben begleiten den liebevoll edierten Band, das Cover zieren ein mit goldenen Tannenbäumchen auf rotem Samt eingefasster Rücken und Glitzerelemente. Die zumeist kurzen Geschichten sind gut zum Vorlesen und dank des großen Drucks auch zum Selberlesen ab ca. 8 Jahren geeignet. Neben anderen Weihnachtsanthologien wie "Noch 24 Überraschungen bis Weihnachten" oder "Wenn es wieder Weihnachten wird" gerne empfohlen.</marc:subfield>
   </marc:datafield>
   <marc:datafield ind1=" " ind2=" " tag="020">
      <marc:subfield code="a">9783815738634</marc:subfield>
      <marc:subfield code="9">9783815738634</marc:subfield>
   </marc:datafield>
   <marc:datafield ind1=" " ind2=" " tag="020">
      <marc:subfield code="a">3815738636</marc:subfield>
      <marc:subfield code="9">3815738636</marc:subfield>
   </marc:datafield>
   <marc:datafield ind1=" " ind2=" " tag="041">
      <marc:subfield code="a">ger</marc:subfield>
   </marc:datafield>
   <marc:datafield ind1=" " ind2=" " tag="338">
      <marc:subfield code="a">Band</marc:subfield>
   </marc:datafield>
   <marc:datafield ind1=" " ind2=" " tag="300">
      <marc:subfield code="a">123 S. : zahlr. Ill.</marc:subfield>
   </marc:datafield>
</marc:record>
